000
00256nam a2200097Ia 4500
008
240331s9999 xx 000 0 und d
082
_a
303.6
_b
EME
100
_a
Logo. ed
245
4
_a
The Emerging Peace Process and the Ethnic Question in Sri Lanka
942
_c
L
999
_c
1251
_d
1251